Mixed Word: All 4 Words Quiz Stats

 Plays Quiz Updated Feb 11, 2012

Support Sporcle.
Go Orange.
Score 0/20 Timer 03:00
1 Play Today
% Correct
SAP
98.8%
ASP
97.7%
PAS
96.8%
BATE
96.6%
BEAT
96.3%
SPA
94.8%
CRAPS
82.2%
ABET
77.8%
CARPS
69%
BETA
67%
% Correct
SCRAP
66.8%
PARLEY
47.7%
SCARP
43.5%
PEARLY
36.2%
REPLAY
33.2%
PLAYER
32.7%
CAPITOL
24.9%
TOPICAL
19.3%
OPTICAL
14.7%
COALPIT
2.6%

From the Vault

Grab Bag by Initials

by PenguinsMeercats

You never know what will come out of a grab bag.
Remove Ads.
Support Sporcle.
Get the best of Sporcle when you Go Orange. This ad-free experience offers more features, more stats, and more fun while also helping to support Sporcle. Thank you for becoming a member.

Show Comments

Extras

Top Quizzes Today


Score Distribution

Your Account Isn't Verified!

In order to create a playlist on Sporcle, you need to verify the email address you used during registration. Go to your Sporcle Settings to finish the process.

Report this User

Report this user for behavior that violates our Community Guidelines.

Details: